| 000 | 00567cam a2200217ua 4500 | ||
|---|---|---|---|
| 020 | _c695.00 | ||
| 041 |
_aeng _h |
||
| 082 |
_a662.88 _bSIN/AC |
||
| 100 | _aSingh, K K . | ||
| 245 | 0 | 0 |
_aAction research and development in biomass classification / _cK K Singh. _hTextual Documents |
| 250 |
_a1 / _b. |
||
| 260 |
_aNew Delhi : _bHimanshu Publications , _c1993. |
||
| 300 | _a438 ; . | ||
| 365 | _a695.00 | ||
| 504 | _a | ||
| 700 | 1 | _aMathur, A.N. | |
| 700 | 1 | _aPatil, S B . | |
| 700 | 1 | _aSrivastava, P R . | |
| 942 | _cBK | ||
| 999 |
_c10228 _d10228 |
||